Eqity, efficiency, and accessibility in Urban and regional health - care systems
Salvato in:
| Autore principale: | |
|---|---|
| Altri autori: | |
| Natura: | Libro |
| Lingua: | inglese |
| Pubblicazione: |
Laxenburg
International Institute for Applied Systems Analysis
1982
|
| Tags: |
Nessun Tag, puoi essere il primo ad aggiungerne!!
|
MARC
| LEADER | 00000nam a2200000 4500 | ||
|---|---|---|---|
| 001 | c129311 | ||
| 005 | 20041019155246.0 | ||
| 041 | 0 | |a eng | |
| 044 | |a AT | ||
| 245 | 1 | 0 | |a Eqity, efficiency, and accessibility in Urban and regional health - care systems |c L.D. Mayhew, G. Leonardi |
| 264 | 1 | |a Laxenburg |b International Institute for Applied Systems Analysis |c 1982 | |
| 300 | |a S. 1480-1507 | ||
| 500 | |a Separát z: Environment and Planning A, vol. 14 (1982) | ||
| 100 | 1 | |a Mayhew, L.D. | |
| 700 | 1 | |a Leonardi, G. | |